00328nam a2200109Ia 4500008004100000082000800041100001300049245004000062942000600102952009500108999001500203240331s9999 xx 000 0 und d bTHE aThenuka, 0aVithyasankar sthapathiyin sitpamoli cL 001040708LaWERCLbWERCLcSSCd2024-03-31l0o 732 THEp1178r2024-03-31w2024-03-31yL c3712d3712